| 000 | 01015nam0a22002651 4500 | ||
|---|---|---|---|
| 001 | rc\916950 | ||
| 005 | 20250622042408.0 | ||
| 035 | _a(NLR Aleph) 006091246 | ||
| 090 |
_a5161531 _c5161531 |
||
| 100 | _a20041129d1982 |||y0rusy50 ca | ||
| 101 | 0 | _arus | |
| 102 | _aRU | ||
| 105 | _aa ||||||||| | ||
| 200 | 1 |
_aБыстродействующие схемы умножения на основе сумматоров частичных произведений _fС.Г. Басиладзе, Као Дак Хьен |
|
| 210 |
_aДубна _cОИЯИ _d1982 |
||
| 215 |
_a12 с. _cсхем. _d22 |
||
| 225 | 1 |
_aСообщения Объединенного института ядерных исследований _v13-82-146 |
|
| 320 | _aБиблиогр.: с. 11-12 (15 назв.) | ||
| 700 | 1 |
_aБасиладзе _bС.Г. _gСергей Геннадьевич |
|
| 701 | 0 | _aКао Дак Хьен | |
| 801 | 0 |
_aRU _bNLR _gpsbo |
|
| 801 | 1 |
_aRU _bELAR _2rusmarc |
|
| 852 |
_aNLR _j82-6/5940 |
||
| 942 | _cBOOK | ||
| 980 | _aNB | ||